Harry Potter Passwords!!! - Statistics

General Stats
  • This quiz has been taken 58 times
    50 since last reset
  • The average score is 7 of 59
Answer Stats
Hint Answer % Correct
Close Maruaders Map Mischief managed
62%
Caput Draconis
56%
Slytherin Dungeon Pure Blood
44%
Fortuna Major
41%
Prefects Bathroom Pine Fresh
41%
Open Maruaders Map I solemnly swear that I am up to no good
38%
Pig Snout
32%
Slytherin's Locket Open
29%
Fairy Lights
26%
Mimbulus Mimbletonia
26%
Balderdash
24%
Baubles
24%
Wattlebird
24%
Tapeworm
21%
Gryffindor Common Room Abstinence
18%
Headmasters Office Acid Pops
18%
Potterwatch Passwords Albus
18%
Banana Fritters
18%
One-Eyed Witch Passage Dissendium
18%
Flibbertigibbet
18%
Mad-Eye
18%
Oddsbodikins
18%
Scurvy Cur
18%
Dumbledore
15%
Quid Agis
15%
Dilligrout
12%
Ravenclaw Common Room A Circle Has No Beginning
9%
Hufflepuff Common Room Helga Hufflepuff
9%
Basilisk Call Speak to me Slytherin, greatest of the Hogwarts Four
9%
Fizzing Whizbees
6%
Into Nonbeing
6%
Chocolate Frog
3%
Moody
3%
Percival Pratt's Portrait Absurd
0%
Grounds Catweazle
0%
Damara Dodderidge's Portrait Chops and Gravy
0%
Dashing Cadogan
0%
Dearborn
0%
Giffard Abbott's Portrait Dragon's Egg
0%
Fawkes
0%
Old Posh Baron's Portrait Fizzy Pop
0%
Boris the Bewildered's Portrait Forget-Me-Never
0%
Libraries Liberate
0%
Light against Darkness
0%
Longbottom
0%
HESPER STARKY's PORTRAIT Lunartickle
0%
Meadowes
0%
Padfoot
0%
Phoenix
0%
Prewett
0%
Glanmore Peake's Portrait Sea Serpent
0%
Sirius
0%
INSANELY HARD PART Elizabeth Burke's Portrait Slytherins are supreme
0%
Basil Fronsac's Portrait Studious Success
0%
Toffee Eclairs
0%
Vance
0%
Dungeon Wanglewort
0%
Upper Castle Wolfsbane
0%
Wulfric
0%
No matching quizzes found
Score Distribution
Percent of People with Each Score
Percentile by Number Answered
Your Score History
You have not taken this quiz since the last reset